MARC details
| 000 -LEADER |
| fixed length control field |
02533cam a22002414a 4500 |
| 005 - ΗΜΕΡΟΜΗΝΙΑ ΚΑΙ ΩΡΑ ΤΕΛΕΥΤΑΙΑΣ ΕΝΗΜΕΡΩΣΗΣ |
| Πεδίο ελέγχου |
20250605163949.0 |
| 008 - FIXED-LENGTH DATA ELEMENTS--GENERAL INFORMATION |
| Πεδίο ελέγχου σταθερού μήκους |
250528s ||||||||||||||||||||||||d |
| 035 ## - SYSTEM CONTROL NUMBER |
| System control number |
15328 |
| 020 ## - ISBN |
| ISBN |
201325527 |
| 040 ## - ΠΗΓΗ ΚΑΤΑΛΟΓΟΓΡΑΦΗΣΗΣ |
| Φορέας πρωτότυπης καταλογογράφησης |
MC Athens Campus Library |
| Γλώσσα καταλογογράφησης |
Ελληνικά, Μοντέρνα (1453-) |
| Modifying agency |
MC Athens Campus Library |
| Κανόνες περιγραφικής καταλογογράφησης |
AACR2 |
| 245 1# - ΤΙΤΛΟΣ ΚΑΙ ΔΗΛΩΣΗ ΥΠΕΥΘΥΝΟΤΗΤΑΣ |
| Τίτλος |
Multinational Business Finance / Eighth Edition |
| 250 ## - EDITION STATEMENT |
| Edition statement |
8th |
| 260 ## - PUBLICATION, DISTRIBUTION, ETC. |
| Name of publisher, distributor, etc. |
Addison-Wesley Publishing Company, |
| Date of publication, distribution, etc. |
1998 |
| 300 ## - PHYSICAL DESCRIPTION |
| Extent |
854 |
| 505 0# - FORMATTED CONTENTS NOTE |
| Formatted contents note |
The International Financial Environment, Issues in Global Financial Management, The International Monetary System, Using Balance of Payments Data, Foreign Exchange Markets, The Foreign Exchange Market, International Parity Conditions, Foreign Currency Options, Measuring and Managing Foreign Exchange Exposure, Transaction Exposure, Operating Exposure, Translation Exposure, Interest Rate Exposure, Financing the Global Firm, The Global Cost of Capital, Sourcing Equity Globally, Sourcing Debt Globally, Financial Structure, Foreign Investment Decisions, Crporate Strategy and Foreign Investment, Political Risk Management, Principles of Multinational Taxation, Multinational Capital Budgeting, Managing Multinational Operations, Repositioning Funds, Working Capital Management, Import and Export Financing, Advanced Topics in Multinational Finance, Current Industry Financial Management Practices, Advanced Topics in Currency and Interest Rate Risk Management. |
| 520 ## - SUMMARY, ETC. |
| Summary, etc. |
The International Financial Environment, Issues in Global Financial Management, The International Monetary System, Using Balance of Payments Data, Foreign Exchange Markets, The Foreign Exchange Market, International Parity Conditions, Foreign Currency Options, Measuring and Managing Foreign Exchange Exposure, Transaction Exposure, Operating Exposure, Translation Exposure, Interest Rate Exposure, Financing the Global Firm, The Global Cost of Capital, Sourcing Equity Globally, Sourcing Debt Globally, Financial Structure, Foreign Investment Decisions, Crporate Strategy and Foreign Investment, Political Risk Management, Principles of Multinational Taxation, Multinational Capital Budgeting, Managing Multinational Operations, Repositioning Funds, Working Capital Management, Import and Export Financing, Advanced Topics in Multinational Finance, Current Industry Financial Management Practices, Advanced Topics in Currency and Interest Rate Risk Management. |
| 700 1# - ΠΡΟΣΘΕΤΗ ΑΝΑΓΡΑΦΗ--ΦΥΣΙΚΟ ΠΡΟΣΩΠΟ |
| Personal name |
Eiteman David K |
| 9 (RLIN) |
1223 |
| 700 1# - ΠΡΟΣΘΕΤΗ ΑΝΑΓΡΑΦΗ--ΦΥΣΙΚΟ ΠΡΟΣΩΠΟ |
| Personal name |
Moffett Michael H |
| 9 (RLIN) |
1226 |
| 700 1# - ΠΡΟΣΘΕΤΗ ΑΝΑΓΡΑΦΗ--ΦΥΣΙΚΟ ΠΡΟΣΩΠΟ |
| Personal name |
Stonehill Arthur I |
| 9 (RLIN) |
1224 |
| 942 ## - ADDED ENTRY ELEMENTS (KOHA) |
| Koha item type |
Books |